logo

Bir Sreshtho Munshi Abdur Rouf Library
Jhenaidah Cadet College

A Pictorial English Grammer for Schools abroad / (Record no. 4830)

MARC details
000 -LEADER
fixed length control field 00574nam a2200217 a 4500
001 - CONTROL NUMBER
JCCL Control Number 4830
003 - CONTROL NUMBER IDENTIFIER
JCCL marc code BD-JhCC
005 - DATE AND TIME OF LATEST TRANSACTION
control field 20171203201906.0
008 - FIXED-LENGTH DATA ELEMENTS--GENERAL INFORMATION
fixed length control field 171203s19411963e a|||| || | 000 0 eng d
035 ## - SYSTEM CONTROL NUMBER
system control number (BD-JhCC)4830
040 ## - CATALOGING SOURCE
Original cataloging agency BD-JhCC
Modifying agency BD-JhCC
041 ## - LANGUAGE CODE
Language code of Book eng
082 ## - DEWEY DECIMAL CLASSIFICATION NUMBER
Classification number 425
Author mark and Year FRr 1963
100 ## - MAIN ENTRY--PERSONAL NAME
Personal name French, F. G.
245 ## - TITLE STATEMENT
Title A Pictorial English Grammer for Schools abroad /
Statement of responsibility, etc F. G. French,
260 ## - PUBLICATION, DISTRIBUTION, ETC. (IMPRINT)
Place of publication, distribution, etc London :
Name of publisher, distributor, etc Oxford University Press,
Date of publication, distribution, etc 1963.
300 ## - PHYSICAL DESCRIPTION
Pagination 232 p. :
Other physical details ill. ;
Dimensions 18 cm.
650 ## - SUBJECT ADDED ENTRY--TOPICAL TERM
Topical term or geographic name as entry element English Grammer
942 ## - ADDED ENTRY ELEMENTS (KOHA)
Source of classification or shelving scheme Dewey Decimal Classification
Koha item type Books
Holdings
Source of classification or shelving scheme volume number Damaged status Not for loan Home library Current library Shelving location Date of accession Total Checkouts Full call number Barcode Date last seen Copy number Koha item type
Dewey Decimal Classification V-2     JCC Rouf Library JCC Rouf Library General Stacks 12/03/2017   425 FRR 1963 6851 12/03/2017 C-1 Books
Dewey Decimal Classification V-2     JCC Rouf Library JCC Rouf Library General Stacks 12/03/2017   425 FRR 1963 6850 12/03/2017 C-2 Books

JCC Library | Contacts | JCC Home

Last Update on 23 September 2017
Copyright @ 2017-2020 JCC Rouf Library
Rouf Library, Jhenidah Cadet College (JCC), Bangladesh